Statistics for Blitz 29

Click here to take the quiz!

General Stats

  • This quiz has been taken 9 times
  • The average score is 9 of 22

Answer Stats

HintAnswer% Correct
The month which holds the holiday ThanksgivingNovember
100%
The month in which some celebrate HalloweenOctober
100%
neat, very cleantidy
63%
a fantasy horse like creature with a single hornunicorn
63%
to forcefully take over control of vehicle such as an airplane, train, car and force it to a different destinationhijack
50%
A dark blue color; the arm of the military which serves on ships in the oceansnavy
50%
small person; an infant or. any newly born creaturebaby
38%
a long green crunchy vegetablecucumber
38%
creamy or clear sauce to top potatoes or other foods; many eat it on top of potatoes at Thanksgivinggravy
38%
A series of events; a listed series of events passed out at concert and other eventsprogram
38%
A mountain top which periodically spews out lavavolcano
38%
the number meaning zip, nothingzero
38%
an electronic device that manipulates datacomputer
25%
mentally deranged; extremely enthusiasticcrazy
25%
an island south of Florida which is also a nation; a dictatorship nationCuba
25%
a person; relating to or characteristic of a person as opposed to an animal or alienhuman
25%
extra large, huge, ; :The ------jet held over 300 people."jumbo
25%
extreme "She was ----- cold when she returned from her sledding adventure."very
25%
two letters together which make one sounddigraph
13%
water in its solid state; having turned into icefrozen
13%
three letters together that make one soundtrigraph
13%
to deny; to vote in denialveto
13%

Score Distribution

Percentile by Number Answered

Percent of People with Each Score

Your Score History

You have not taken this quiz